|
|
|
|
| LEADER |
02331nam a2200613 4500 |
| 001 |
ocn899738569 |
| 003 |
OCoLC |
| 005 |
20170124070534.3 |
| 006 |
m o d |
| 007 |
cr ||||||||||| |
| 008 |
150107s2015 nju ob 001 0 eng |
| 010 |
|
|
|a 2015000638
|
| 040 |
|
|
|a DLC
|b eng
|e rda
|c DLC
|d YDX
|d OCLCF
|d DG1
|d YDXCP
|d RECBK
|d OCLCO
|d N$T
|d IDEBK
|d EBLCP
|d OCLCQ
|d COO
|d DEBBG
|d K6U
|d GrThAP
|
| 019 |
|
|
|a 961516703
|a 962684259
|
| 020 |
|
|
|a 9781118899045
|q electronic bk.
|
| 020 |
|
|
|a 1118899040
|q electronic bk.
|
| 020 |
|
|
|z 9781118898840
|
| 020 |
|
|
|z 1118898842
|
| 020 |
|
|
|z 9780470578452 (cloth : alk. paper)
|
| 020 |
|
|
|z 9781118899076
|
| 020 |
|
|
|z 1118899075
|
| 020 |
|
|
|a 0470578459 (cloth : alk. paper)
|
| 020 |
|
|
|a 9780470578452 (cloth : alk. paper)
|
| 029 |
1 |
|
|a DEBBG
|b BV043397428
|
| 035 |
|
|
|a (OCoLC)899738569
|z (OCoLC)961516703
|z (OCoLC)962684259
|
| 042 |
|
|
|a pcc
|
| 050 |
0 |
0 |
|a QP517.B54
|
| 072 |
|
7 |
|a MED
|x 075000
|2 bisacsh
|
| 072 |
|
7 |
|a SCI
|x 036000
|2 bisacsh
|
| 082 |
0 |
0 |
|a 612/.01421
|2 23
|
| 049 |
|
|
|a MAIN
|
| 245 |
0 |
0 |
|a Electrochemical processes in biological systems /
|c edited by Andrzej Lewenstam, Lo Gorton.
|
| 263 |
|
|
|a 1503
|
| 264 |
|
1 |
|a Hoboken, New Jersey :
|b John Wiley & Sons,
|c 2015.
|
| 300 |
|
|
|a 1 online resource.
|
| 336 |
|
|
|a text
|2 rdacontent
|
| 337 |
|
|
|a computer
|2 rdamedia
|
| 338 |
|
|
|a online resource
|2 rdacarrier
|
| 490 |
1 |
|
|a Wiley series on electrocatalysis and electrochemistry
|
| 504 |
|
|
|a Includes bibliographical references and index.
|
| 588 |
|
|
|a Description based on print version record and CIP data provided by publisher.
|
| 650 |
|
0 |
|a Bioenergetics.
|
| 650 |
|
0 |
|a Ion exchange.
|
| 650 |
|
7 |
|a Bioenergetics.
|2 fast
|0 (OCoLC)fst00832018
|
| 650 |
|
7 |
|a Ion exchange.
|2 fast
|0 (OCoLC)fst00978577
|
| 650 |
|
7 |
|a MEDICAL / Physiology
|2 bisacsh
|
| 650 |
|
7 |
|a SCIENCE / Life Sciences / Human Anatomy & Physiology
|2 bisacsh
|
| 655 |
|
4 |
|a Electronic books.
|
| 700 |
1 |
|
|a Lewenstam, Andrzej.
|
| 700 |
1 |
|
|a Gorton, L.
|q (Lo)
|
| 776 |
0 |
8 |
|i Print version:
|t Electrochemical processes in biological systems
|d Hoboken, New Jersey : John Wiley & Sons, 2015
|z 9780470578452
|w (DLC) 2014049433
|
| 830 |
|
0 |
|a Wiley series on electrocatalysis and electrochemistry.
|
| 856 |
4 |
0 |
|u https://doi.org/10.1002/9781118899076
|z Full Text via HEAL-Link
|
| 994 |
|
|
|a 92
|b DG1
|